| 000 | 02121cam a22002054a 4500 | ||
|---|---|---|---|
| 005 | 20250605164107.0 | ||
| 008 | 250528s ||||||||||||||||||||||||d | ||
| 035 | _a17774 | ||
| 020 | _a9789606619649 | ||
| 040 |
_aGR-AtMCL _bgre _dGR-AtMCL _eAACR2 |
||
| 245 | 1 | _aΜεθοδολογία της Έρευνας και της Ανάλυσης Δεδομένων για τις Επιστήμες της Υγείας / Β' Έκδοση | |
| 250 | _a2η | ||
| 260 |
_bΔιόνικος, _c2011 |
||
| 300 | _a560 | ||
| 520 | _aΤο παρόν βιβλίο υποστηρίζει την πρακτική εφαρμογή και προσφέρει νέες κατευθύνσεις, διευρύνοντας τους επιστημονικούς ορίζοντες και τη γνώση στο επιστημονικό πεδίο. Πρόλογος, Βασικές Αρχές και Εργαλεία της Έρευνας, Αρχές Σχεδιασμού και Ανάλυσης Επιδημιολογικών Μελετών, Αρχές Σχεδιασμού και Ανάλυσης Κλινικών Δοκιμών, Η Μετα-Ανάλυση, Τεχνικές Οικονομικής Αξιολόγησης, Η Δημιουργία Αποτίμησης της Κατανάλωσης Τροφίμων, Τα Συστήματα Επιτήρησης της Υγείας του Πληθυσμού: Τεχνικές Ανάλυσης Διαχρονικών Δεδομένων, Νεώτερες Μέθοδοι Έρευνας με τη Χρήση Υπολογιστικών Δικτύων: Τηλεϊατρική, Μέθοδοι Αξιολόγησης της Διαγνωστικής Ικανότητας Δοκιμασιών, Αρχές Ελέγχου Ποιότητας, Στάθμιση για την Ενεργειακή Πρόσληψη στις Κλινικές Έρευνες, Μέθοδοι Ανάλυσης Διατροφικών Προτύπων, Προτεινόμενη Βιβλιογραφία. | ||
| 700 | 1 |
_aΠαναγιωτακος Δημοσθενης Β _94009 |
|
| 942 | _cBK | ||
| 999 |
_c3174 _d3174 |
||